| 000 | 00838nam a22002657a 4500 | ||
|---|---|---|---|
| 999 |
_c188055 _d188055 |
||
| 005 | 20220509145058.0 | ||
| 010 | _aENG-132560 | ||
| 020 |
_a9788194008903 _c500.00 |
||
| 035 | _aEN-116092 | ||
| 037 | _bDBAD/PUB | ||
| 082 | _a501.4 | ||
| 245 |
_aVistas of Science Communication/ _cBiswapati Mukherjee...[et al.] |
||
| 260 |
_aKolkata _bIndian Science News Association _c2019 |
||
| 270 |
_a92, Acharya Prafulla Chandra Roy Road _bKolkata _e700109 |
||
| 300 |
_avii, 262p _c22cm(hbk) _bRefrences |
||
| 700 | _aMukherjee, Biswapati | ||
| 700 | _aVenkateswaran, T.V. | ||
| 700 | _aDe, Amit Krishna | ||
| 700 | _aMandal, Sudhendu | ||
| 700 | _aMukherjee, Shankarashis | ||
| 700 | _aChattopadhyay, Sabyasachi | ||
| 700 | _aChattopadhyay, Subhedu | ||
| 700 | _aDas, Manas Pratim | ||
| 942 |
_2ddc _cEN _h501.4 _mVIS |
||